Statistics for World Cup 2018 - Best Scoring Player From Each Team

Click here to take the quiz!

General Stats

  • This quiz has been taken 123 times
  • The average score is 15 of 32

Answer Stats

Hint Answer % Correct
PortugalCristiano Ronaldo
99%
EgyptMohamed Salah
91%
UruguayLuis Suarez
91%
BrazilNeymar
87%
ArgentinaLionel Messi
87%
BelgiumRomelu Lukaku
79%
PolandRobert Lewandowski
72%
CroatiaMario Mandžukić
69%
South KoreaSon Heung-min
65%
GermanyThomas Muller
65%
MexicoJavier Hernandez
64%
DenmarkChristian Eriksen
62%
FranceOlivier Giroud
61%
SwitzerlandXherdan Shaqiri
61%
AustraliaTim Cahill
56%
ColombiaRadamel Falcao
53%
SpainDavid Silva
46%
IcelandGylfi Sigurdsson
36%
NigeriaAhmed Musa
32%
Costa RicaBryan Ruiz
32%
PeruPaolo Guerrero
31%
JapanShinji Okazaki
27%
SerbiaAleksandar Mitrović
27%
SwedenMarcus Berg
26%
EnglandDanny Welbeck
19%
RussiaFyodor Smolov
19%
TunisiaWahbi Khazri
17%
IranSardar Azmoun
11%
PanamaBlas Perez or Luis Tejada
6%
Saudi ArabiaMohammad Al-Sahlawi
5%
SenegalMoussa Sow
3%
MoroccoAyoub El Kaabi
1%

Score Distribution

Percentile by Number Answered

Percent of People with Each Score

Your Score History

You have not taken this quiz